000 00488cam a22002051 4500
001 sa 64007021
003 DLC
005 20260227112043.0
008 910930s1962 ii 000 0 tamo
010 _asa 64007021
035 _a(OCoLC)24474409
040 _aDLC
_cWaU
_dNRU
_dDLC
042 _apremarc
050 0 0 _aPL4758.9.A33
_bP3
100 0 _aAkilan̲,
_d1922-1988.
245 1 0 _aPāvai viḷakku.
260 _c[1962]
300 _axvi, 741 p.
_c19 cm.
500 _aIn Tamil.
999 _c60014
_d60014